Sinh hoÌ£c đaÌ£i cương: Sinh hoÌ£c thưÌ£c vâÌ£t, Sinh hoÌ£c đôÌ£ng vâÌ£t
TriÌ€nh baÌ€y những điểm cơ bản nhâÌt vêÌ€ sinh trưởng, phaÌt triển của thưÌ£c vâÌ£t, đôÌ£ng vâÌ£t trong đoÌ coÌ con ngươÌ€i
שמור ב:
| מחבר ראשי: | |
|---|---|
| פורמט: | ספר |
| שפה: | Undetermined |
| יצא לאור: |
Tp. HCM
ĐaÌ£i hoÌ£c QuôÌc gia Tp. HCM
2000
|
| נושאים: | |
| גישה מקוונת: | http://lrc.tdmu.edu.vn/opac/search/detail.asp?aID=2&ID=7619 |
| תגים: |
הוספת תג
אין תגיות, היה/י הראשונ/ה לתייג את הרשומה!
|
| Thư viện lưu trữ: | Trung tâm Học liệu Trường Đại học Thủ Dầu Một |
|---|
| LEADER | 01104nam a2200205Ia 4500 | ||
|---|---|---|---|
| 001 | TDMU_7619 | ||
| 008 | 210410s9999 xx 000 0 und d | ||
| 082 | |a 570 | ||
| 090 | |b NG528 | ||
| 100 | |a Nguyễn, ĐiÌ€nh GiâÌ£u | ||
| 245 | 0 | |a Sinh hoÌ£c đaÌ£i cương: Sinh hoÌ£c thưÌ£c vâÌ£t, Sinh hoÌ£c đôÌ£ng vâÌ£t | |
| 245 | 0 | |c PGS. TS. Nguyễn ĐiÌ€nh GiâÌ£u | |
| 260 | |a Tp. HCM | ||
| 260 | |b ĐaÌ£i hoÌ£c QuôÌc gia Tp. HCM | ||
| 260 | |c 2000 | ||
| 300 | |a 266tr. | ||
| 520 | |a TriÌ€nh baÌ€y những điểm cơ bản nhâÌt vêÌ€ sinh trưởng, phaÌt triển của thưÌ£c vâÌ£t, đôÌ£ng vâÌ£t trong đoÌ coÌ con ngươÌ€i | ||
| 650 | |a Sinh hoÌ£c đaÌ£i cương; Sinh hoÌ£c; Sinh hoÌ£c đaÌ£i cương; ĐaÌ£i cương; ThưÌ£c vâÌ£t; ĐôÌ£ng vâÌ£t | ||
| 856 | |u http://lrc.tdmu.edu.vn/opac/search/detail.asp?aID=2&ID=7619 | ||
| 980 | |a Trung tâm Học liệu Trường Đại học Thủ Dầu Một | ||